000 004680000a22001570004500
090 _aAR
_b03085
245 1 0 _aSpermatheca as a taxonomic character in Acridoidea (<Orthoptera>)
650 1 4 _aInsectos
_992622
650 1 4 _aEntomología
_94483
650 1 4 _aFisiología
_915628
650 1 4 _aTaxonomía animal
_98245
041 0 _aInglés
100 1 _aDirsh, V. M.
_996686
942 _cARTICULO
773 1 _tProceedings Royal Society London. B.
_31158
_q107-114
_d1957
_g32
999 _c12142
_d12142